00741nam a22002297a 450000500170000001000130001702000220003003500130005203700160006504000120008108200150009310000240010824500410013226000490017327000460022230000210026865000290028965000280031894200240034699900190037095201220038920170124110057.0 aB-209691 c00.00a8185989885 aB-209691 bCen Lib/Ret aDPLbEN a651.3bBHA aBhatia, R.C.919133 aOffice management /cby R.C. Bhatia aNew DelhibGalgotia Publishing Companyc2003 bNew Delhia6A/4,W.E.A. Karol Baghe110005 a351p. c22cm(Hb) aOffice management919428 aOffice practice9107458 2ddccENh651.3mBHA c129539d129539 00104070aLbLd2015-07-06eCen Lib/Retg0.00l0o651.3 BHApB-209691r2015-07-06 00:00:00t1v0.00w2015-07-06yEN